000 00373nam a22001577a 4500
003 OSt
008 200715b ||||| |||| 00| 0 eng d
082 _a615.19 CHP
100 _aChaudhary , N.C
245 _aPharmaceutical Chemistry-1
250 _a2018
260 _aNew Delhi
_bVallabh
300 _a278
650 _aPharmaceutical Organic Chemistry
942 _2ddc
_cBK
999 _c9059
_d9059